|
|
|
|
| LEADER |
00000nam0a2200000 4500 |
| 001 |
141359 |
| 005 |
20231031142418.0 |
| 035 |
|
|
|a (RuTPU)RU\TPU\book\153209
|
| 090 |
|
|
|a 141359
|
| 100 |
|
|
|a 20080811d1958 m y0rusy50 ca
|
| 101 |
0 |
|
|a rus
|
| 102 |
|
|
|a UZ
|
| 105 |
|
|
|a af z 001zy
|
| 200 |
1 |
|
|a Глиеж как активная минеральная добавка
|f И. С. Канцепольский
|g Академия наук Узбекской ССР (АН УзССР), Институт химии
|
| 210 |
|
|
|a Ташкент
|c Изд-во Академии наук Узбекской ССР
|d 1958
|
| 215 |
|
|
|a 338 с.
|c ил.
|
| 320 |
|
|
|a Библиогр.: с. 333-336.
|
| 610 |
1 |
|
|a портланд-цемент
|
| 610 |
1 |
|
|a минеральные добавки
|
| 610 |
1 |
|
|a глиеж
|
| 675 |
|
|
|a 666.9
|v 3
|
| 700 |
|
1 |
|a Канцепольский
|b И. С.
|
| 712 |
0 |
2 |
|a Академия наук Узбекской ССР (АН УзССР)
|b Институт химии
|2 stltpush
|3 (RuTPU)RU\TPU\col\8034
|
| 801 |
|
1 |
|a RU
|b 63413507
|c 20080811
|g PSBO
|
| 801 |
|
2 |
|a RU
|b 63413507
|c 20210609
|g PSBO
|
| 942 |
|
|
|c BK
|